000 00632nam a2200205Ia 4500
003 GCL
008 140319s9999 xx 000 0 ara d
040 _aGCL /
_cGCL
082 0 4 _a028.7
_bا ض
100 1 _aالسيد شلبى
245 1 0 _aضحكات وتسالى /
_cالسيد شلبى
260 _aالقاهرة :
_bمكتبة مدبولى ،
_c1972
300 _a159 ص ؛
_c17 سم
490 _aالهيئة العامة للاستعلامات
_v0
650 0 4 _aالترفيه
650 0 4 _aالتسالى
650 0 4 _aالرياضة الذهنية
650 0 4 _aاختبارات الذكاء
942 _2ddc
_cBK
999 _c50662
_d50662